<?xml version="1.0" encoding="UTF-8"?><?xml-stylesheet type="text/xsl" href="static/style.xsl"?><OAI-PMH xmlns="http://www.openarchives.org/OAI/2.0/" xmlns:xsi="http://www.w3.org/2001/XMLSchema-instance" xsi:schemaLocation="http://www.openarchives.org/OAI/2.0/ http://www.openarchives.org/OAI/2.0/OAI-PMH.xsd"><responseDate>2026-04-17T01:09:17Z</responseDate><request verb="GetRecord" identifier="oai:www.recercat.cat:10459.1/466562" metadataPrefix="marc">https://recercat.cat/oai/request</request><GetRecord><record><header><identifier>oai:recercat.cat:10459.1/466562</identifier><datestamp>2025-09-16T05:09:54Z</datestamp><setSpec>com_2072_3622</setSpec><setSpec>col_2072_478537</setSpec></header><metadata><record xmlns="http://www.loc.gov/MARC21/slim" xmlns:dcterms="http://purl.org/dc/terms/" xmlns:xsi="http://www.w3.org/2001/XMLSchema-instance" xmlns:doc="http://www.lyncode.com/xoai" xsi:schemaLocation="http://www.loc.gov/MARC21/slim http://www.loc.gov/standards/marcxml/schema/MARC21slim.xsd">
   <leader>00925njm 22002777a 4500</leader>
   <datafield ind2=" " ind1=" " tag="042">
      <subfield code="a">dc</subfield>
   </datafield>
   <datafield ind2=" " ind1=" " tag="720">
      <subfield code="a">Martos Camacho, Sara</subfield>
      <subfield code="e">author</subfield>
   </datafield>
   <datafield ind2=" " ind1=" " tag="260">
      <subfield code="c">2024</subfield>
   </datafield>
   <datafield ind2=" " ind1=" " tag="520">
      <subfield code="a">La Síndrome de Disfunció Cognitiva (SDC) és una malaltia neurodegenerativa relacionada amb l'envelliment que es caracteritza per una progressiva disminució de les funcions cognitives. Es presenta clínicament com a canvis en els comportaments i les rutines diàries. Les alteracions conductuals típiques són: la desorientació, la disminució de la interacció social, la pèrdua dels hàbits higiènics i les alteracions en el cicle de son-vigília. La prevalença de l'SDC ha augmentat en els darrers anys, a causa de la major esperança de vida dels animals, i l'edat és el factor de risc més important per al desenvolupament del SDC. Tot i això, es considera una malaltia infradiagnosticada i els propietaris no solen tenir coneixements sobre aquesta patologia, així com si són conscients d'altres. S'han trobat semblances amb la malaltia de l'Alzheimer en humans tant clíniques com patològiques. A causa de les característiques que comparteixen ambdues malalties, els gossos són un bon model per a la investigació i l'estudi de protocols diagnòstics i tractaments per aplicar-los a la malaltia de l’Alzheimer i per traslladar-los al SDC.</subfield>
   </datafield>
   <datafield tag="653" ind2=" " ind1=" ">
      <subfield code="a">Disfunció cognitiva</subfield>
   </datafield>
   <datafield tag="653" ind2=" " ind1=" ">
      <subfield code="a">Demència senil</subfield>
   </datafield>
   <datafield tag="653" ind2=" " ind1=" ">
      <subfield code="a">Cognitive dysfunction syndrome</subfield>
   </datafield>
   <datafield tag="653" ind2=" " ind1=" ">
      <subfield code="a">Alzheimer’s disease</subfield>
   </datafield>
   <datafield tag="653" ind2=" " ind1=" ">
      <subfield code="a">Canine cognitive dysfunction</subfield>
   </datafield>
   <datafield tag="653" ind2=" " ind1=" ">
      <subfield code="a">β-amyloid</subfield>
   </datafield>
   <datafield tag="653" ind2=" " ind1=" ">
      <subfield code="a">Biomarkers</subfield>
   </datafield>
   <datafield ind2="0" ind1="0" tag="245">
      <subfield code="a">Revisión bibliográfica del Síndrome de Disfunción Cognitiva: presentación clínica, etiopatogenia, diagnóstico y tratamientos disponibles y futuros</subfield>
   </datafield>
</record></metadata></record></GetRecord></OAI-PMH>